00726 2200193 4500001002100000005001700021008004100038035002500079040001200104082001000116084002000126100007100146245013800217260008900355300003600444650001800480850001200498990002200510INLIS00000000001735820160205095054.0  a0010-021600000000446 aYOPDYOG a539.7 aDEP 539.7 Sem P aPUSAT SAINS DAN TEKNOLOGI AKSELERATOR BADAN TENAGA NUKLIR NASIONAL aSeminar nasionalb: penelitian dan pengelolaan perangkat nuklirc/ pusat sains dan teknologi akselerator badan tenaga nuklir nasional aYogyakartabpusat sains dan teknologi akselerator badan tenaga nuklir nasionalc2014 axvi, 245 hlmb: ilus.c; 30 cm. aFisika Nuklir aYOPDYOG aCB-D.11/2014-1704